000
00289nam a2200121Ia 4500
008
230303s9999 xx 000 0 und d
041
_a
eng
082
_a
621.31924 MUL
100
_a
MULLIN (RAY C.)
245
_a
Electric Wiring Residential
260
_a
New Delhi
_b
DELMAR
365
_c
RS
999
_c
179393
_d
179393